| 000 | 00800nam a22002177a 4500 | ||
|---|---|---|---|
| 999 |
_c18602 _d18602 |
||
| 003 | AR-CdUCM | ||
| 008 | 190514b ||||| |||| 00| 0 spa d | ||
| 020 | _a968-816-014-8 | ||
| 040 |
_aMUNICIPALIDAD PROVINCIAL DEL CUSCO _cBIBLIOTECA MUNICIPAL DEL CUSCO |
||
| 082 |
_22ed. _a923.1 / _bJ34 |
||
| 110 |
_aDepartamento del distrito federal _912486 |
||
| 245 | _a18 de julio de 1872 muerte del presidente Benito Juarez / | ||
| 260 |
_aMéxico : _bLa nación, _c1983. |
||
| 300 |
_a158 páginas ; _c22 cm. |
||
| 440 |
_aConciencia cívica nacional ; _n3 _939288 |
||
| 505 | _aContenido: El presidente Juárez -- Discurso pronunciado a nombre del ayuntamiento en el panteón de San Fernando... | ||
| 650 |
_aHistoria _9136 |
||
| 650 |
_aMéxico _918 |
||
| 942 |
_2ddc _cLIBROS |
||
| 945 |
_aacv _d2019-05-14 |
||